| 000 | 00698nam a2200265Ia 4500 | ||
|---|---|---|---|
| 005 | 20260121165716.0 | ||
| 008 | 008 260114s9999 xx 000 0 eng d | ||
| 020 | _a9783319556017 | ||
| 037 | _aEBOOK | ||
| 040 | _aCRL | ||
| 040 | _beng | ||
| 040 | _cCRL | ||
| 041 | _2eng | ||
| 041 | _aeng | ||
| 084 | _qCRL | ||
| 100 |
_aJorge Castellá Sarriera, LĂvia Maria Bedin _91055058 |
||
| 245 | 0 | _aPsychosocial Well-being of Children and Adolescents in Latin America | |
| 260 | _bSpringer | ||
| 260 | _bSpringer | ||
| 260 | _c2017 | ||
| 856 | _uhttps://link.springer.com/openurl?genre=book&isbn=978-3-319-55601-7 | ||
| 942 | _cEBOOK | ||
| 999 |
_c1620785 _d1620785 |
||